000 00436nam a2200157Ia 4500
008 220204s9999 xx 000 0 und d
020 _a9780387712024
082 _a575:631.52:633
_bJAI
100 _aJain, S Mohan
245 0 _aBreeding plantation tree crops: Temperate species
260 _aUSA
_bSpringer Science
_c2009
650 _aPlantation tree crops
650 _aTree breeding
700 _aPriyadarshan, P M
942 _cBK
999 _c43007
_d43007